| 000 | 00605nam a22001817a 4500 | ||
|---|---|---|---|
| 005 | 20251108164025.0 | ||
| 008 | 250721s2009 xx 000 0 ara d | ||
| 082 | 1 | 4 | _a218.2/إدل |
| 100 | 1 |
_aالإدلبي، صلاح الدين بن أحمد _eمؤلف |
|
| 245 | 1 | 0 | _aالبدعة المحمودة بين شبهات المانعين و أدلة المجيزين / |
| 264 | 1 |
_aعمان : _bدار الفتح، _c2009. |
|
| 300 | _a74ص. | ||
| 650 | 1 | 7 | _aالاداب الاسلاميه |
| 650 | 1 | 7 | _aالمعتقدات الاسلاميه |
| 650 | 1 | 7 | _aالبدع |
| 942 |
_2ddc _cBK |
||
| 999 |
_c1691 _d1691 |
||